000 00479nam a2200181Ia 4500
001 20673
005 20260306172823.0
008 260306t2013||||xx |||||||||||||| ||spa||
041 _aESP
082 _a343.6
_bM61
100 _aMinisterio de Justicia y Derechos Humanos
_eAUT
245 0 _aMaterial de lectura:
_bley del procedimiento administrativo general ley NÂș 27444
260 _c2013
300 _a
_c
650 _aGEN
654 _aCDE
942 _cLIB
_dJUS
_fJUS
_2ddc
_n
999 _c20673
_d20673